[Event "World Blitz 2015"]
[Site "Berlin GER"]
[Date "2015.10.13"]
[Round "8.26"]
[White "Nepomniachtchi, Ian"]
[Black "Akopian, Vladimir"]
[Result "0-1"]
[WhiteTitle "GM"]
[BlackTitle "GM"]
[WhiteElo "2705"]
[BlackElo "2648"]
[WhiteFideId "4168119"]
[BlackFideId "13300032"]
[EventDate "2015.10.13"]

1. e4 e6 2. d4 d5 3. Nc3 Bb4 4. a3 Bxc3+ 5. bxc3 dxe4 6. Qg4 Nf6 7. Qxg7 Rg8 8.
Qh6 b6 9. Ne2 Ba6 10. Bg5 Nbd7 11. Nf4 Bxf1 12. Kxf1 Ng4 13. Bxd8 Nxh6 14. Bh4
Nf5 15. Bg3 Nf6 16. Re1 h5 17. Ne2 O-O-O 18. Be5 Ng4 19. Bf4 c5 20. dxc5 bxc5
21. Ng3 e3 22. f3 Rd2 23. Nxf5 exf5 24. Bg3 f4 25. Bxf4 Rf2+ 26. Kg1 Ne5 27. Bg3
Rxc2 28. Rxe3 Rc1+ 29. Re1 Nxf3+ 30. Kf2 Rxe1 31. Rxe1 Nxe1 32. Kxe1 h4 33. Bxh4
Rxg2 34. Bf2 Rxh2 35. Bxc5 a6 36. Bf2 Kb7 37. Ke2 Kc6 38. Ke3 Kd5 39. Be1 Ra2
40. Bh4 Rxa3 41. Kd3 a5 42. Bf6 a4 43. Bd4 f5 44. Be3 Rb3 45. Kc2 Kc4 46. Bd2 a3 0-1

[Event "World Blitz 2015"]
[Site "Berlin GER"]
[Date "2015.10.13"]
[Round "8.27"]
[White "Navara, David"]
[Black "Safarli, Eltaj"]
[Result "1-0"]
[WhiteTitle "GM"]
[BlackTitle "GM"]
[WhiteElo "2734"]
[BlackElo "2657"]
[WhiteFideId "309095"]
[BlackFideId "13402129"]
[EventDate "2015.10.13"]

1. d4 Nf6 2. c4 g6 3. Nc3 d5 4. e3 Bg7 5. cxd5 Nxd5 6. Nxd5 Qxd5 7. Ne2 c5 8.
Nc3 Qd8 9. d5 O-O 10. e4 e6 11. Be2 exd5 12. exd5 Re8 13. O-O a6 14. Be3 Qd6 15.
Bf3 Bf5 16. g4 Rxe3 17. fxe3 Bd7 18. Ne4 Qe5 19. Qb3 Bb5 20. Nxc5 Bf8 21. Rfc1
Nd7 22. Nxd7 Bxd7 23. Qc3 Qg5 24. Kh1 Bd6 25. Rc2 Re8 26. Re1 Qh4 27. Rf1 Re5
28. e4 Qh3 29. Bg2 Qxg4 30. Qf3 Qxf3 31. Bxf3 h5 32. Rfc1 Kf8 33. Kg2 Ke7 34. h4
Kd8 35. b3 a5 36. a4 b6 37. Rc4 Re7 38. Re1 Re5 39. Bd1 g5 40. Bxh5 gxh4 41.
Bxf7 h3+ 42. Kh1 Bg4 43. Re3 Rg5 44. Be6 Bxe6 45. dxe6 h2 46. Re1 Ke7 47. Rc6
Bg3 48. Rd1 Re5 49. Rd7+ Kf6 50. Rf7+ Kg6 51. Rf8 Kg7 52. Rf3 Rg5 53. e7 Be5 54.
Rf1 Bd4 55. e8=Q Rg1+ 56. Kxh2 1-0

[Event "World Blitz 2015"]
[Site "Berlin GER"]
[Date "2015.10.13"]
[Round "8.28"]
[White "Zvjaginsev, Vadim"]
[Black "Ponomariov, Ruslan"]
[Result "1/2-1/2"]
[WhiteTitle "GM"]
[BlackTitle "GM"]
[WhiteElo "2660"]
[BlackElo "2710"]
[WhiteFideId "4113403"]
[BlackFideId "14103320"]
[EventDate "2015.10.13"]

1. e4 c6 2. c4 d5 3. exd5 cxd5 4. cxd5 Nf6 5. Nc3 Nxd5 6. Nf3 e6 7. Bc4 Nc6 8.
O-O Be7 9. d4 O-O 10. Re1 a6 11. a3 Nxc3 12. bxc3 b5 13. Ba2 Bb7 14. d5 exd5 15.
Bxd5 Bf6 16. Bb2 Na5 17. Bxb7 Nxb7 18. a4 Qxd1 19. Rexd1 b4 20. Rab1 bxc3 21.
Bxc3 Bxc3 22. Rxb7 Rfb8 23. Rdb1 Rxb7 24. Rxb7 h6 25. g3 Rc8 26. a5 Rc5 27. Rb8+
Kh7 28. Rb7 f5 29. h4 Rxa5 30. h5 Bf6 31. Kg2 Kg8 32. Ng1 Kf8 33. Nh3 Be5 34.
Ra7 Ke8 35. Nf4 Bxf4 36. gxf4 Kf8 37. Kg3 Ra1 38. Kg2 a5 39. Kg3 a4 40. Kg2 a3
41. Kg3 a2 42. Kg2 Ke8 43. Ra3 Kd7 44. Ra8 Kc6 45. Ra3 Kd5 46. Ra8 Ke6 47. Ra6+
Kf7 48. Ra7+ Kf8 49. Ra8+ Kf7 50. Ra7+ Kg8 51. Ra8+ Kh7 52. Ra7 Kg8 53. Ra8+ Kf7
54. Ra7+ Ke6 55. Ra5 Kd6 56. Ra8 Kd5 57. Ra7 Ke4 58. Ra4+ Kd3 59. Ra8 Kd4 1/2-1/2

[Event "World Blitz 2015"]
[Site "Berlin GER"]
[Date "2015.10.13"]
[Round "8.29"]
[White "Lenic, Luka"]
[Black "Morozevich, Alexander"]
[Result "0-1"]
[WhiteTitle "GM"]
[BlackTitle "GM"]
[WhiteElo "2639"]
[BlackElo "2711"]
[WhiteFideId "14603853"]
[BlackFideId "4116992"]
[EventDate "2015.10.13"]

1. d4 d5 2. Nf3 Nc6 3. c4 Bg4 4. Nc3 e6 5. cxd5 exd5 6. Bf4 Bd6 7. Bxd6 Qxd6 8.
e3 Nf6 9. Be2 O-O 10. O-O Ne7 11. Nb5 Qd8 12. Rc1 c6 13. Nc3 Nc8 14. b4 a6 15.
a4 Qd6 16. Qb3 Ne7 17. b5 cxb5 18. axb5 a5 19. b6 Ne4 20. Qb2 Qb4 21. Qxb4 axb4
22. Nb5 Nc8 23. h3 Bd7 24. Rb1 Ra4 25. Ne5 Nxb6 26. Nxd7 Nxd7 27. Rb2 Rc8 28.
Bf3 Nb6 29. Bxe4 dxe4 30. Nd6 Rc6 31. Nxe4 Nc4 32. Rc2 b3 33. Rc3 b2 34. Rb3 Ra1
35. Rxb7 h6 36. g4 Rb6 37. Rxb6 Nxb6 38. Nc3 Nc4 39. Nb1 Kf8 40. Rd1 Na3 0-1

[Event "World Blitz 2015"]
[Site "Berlin GER"]
[Date "2015.10.13"]
[Round "8.30"]
[White "Hjartarson, Johann"]
[Black "Dreev, Aleksey"]
[Result "0-1"]
[WhiteTitle "GM"]
[BlackTitle "GM"]
[WhiteElo "2529"]
[BlackElo "2644"]
[WhiteFideId "2300044"]
[BlackFideId "4100107"]
[EventDate "2015.10.13"]

1. c4 c6 2. Nf3 d5 3. b3 Bg4 4. Bb2 Nd7 5. e3 Ngf6 6. Be2 e6 7. O-O Bd6 8. d4
O-O 9. Nc3 Qe7 10. h3 Bh5 11. Ne5 Bxe2 12. Nxe2 Rfd8 13. Rc1 a5 14. a4 Nf8 15.
Qc2 Ng6 16. Rfd1 Ne4 17. f3 Nf6 18. Ng3 Nd7 19. f4 Qh4 20. Qf2 Nf6 21. Rc2 Rf8
22. cxd5 cxd5 23. Rdc1 Ne7 24. Nf3 Qh6 25. Ng5 Qg6 26. Nf3 Nf5 27. Nxf5 Qxf5 28.
g4 Qg6 29. Nh4 Qe4 30. g5 Nh5 31. Qf3 Qxf3 32. Nxf3 Ng3 33. Kg2 Nf5 34. Kf2 f6
35. h4 Kf7 36. Rg1 h5 37. Rgc1 Ke7 38. Ke2 Kd7 39. Kd3 Ra6 40. Rg1 Rb6 41. Rc3
Bb4 42. Rc2 Be7 43. Rc3 Rc8 44. Rgc1 Rcc6 45. R1c2 Bb4 46. Rxc6 bxc6 47. Re2 Bd6
48. Kc2 Rb8 49. Bc3 Bc7 50. Bd2 Ra8 51. Rg2 Ke7 52. Kd3 Bd6 53. Bc3 Kf7 54. Bd2
Bc7 55. Bc3 Rb8 56. Rb2 Ra8 57. Be1 Kg6 58. Rc2 Ra6 59. Rc1 Nd6 60. Rc2 Kf5 61.
Rg2 Bd8 62. Nd2 Rb6 63. Kc2 Ne4 64. Nf3 Rb7 65. Rg1 Ra7 66. Kd3 c5 67. dxc5
Nxc5+ 68. Kc2 e5 69. fxe5 fxe5 70. Nd2 Rc7 71. Kb1 Nd3 72. Bg3 Be7 73. e4+ dxe4
74. Nc4 Bc5 75. Rg2 e3 76. Nxa5 Nf4 77. Rg1 Ne2 78. Rf1+ Ke4 79. Bh2 Nc3+ 80.
Kc2 e2 81. Ra1 Bf2 82. Nc4 e1=Q 83. Rxe1+ Bxe1 84. a5 Nb5 85. Bxe5 Rxc4+ 86.
bxc4 Na3+ 87. Kb3 Kxe5 88. Kxa3 Bxa5 0-1

[Event "World Blitz 2015"]
[Site "Berlin GER"]
[Date "2015.10.13"]
[Round "8.32"]
[White "Meier, Georg"]
[Black "Sasikiran, Krishnan"]
[Result "1-0"]
[WhiteTitle "GM"]
[BlackTitle "GM"]
[WhiteElo "2654"]
[BlackElo "2639"]
[WhiteFideId "4675789"]
[BlackFideId "5004985"]
[EventDate "2015.10.13"]

1. Nf3 Nf6 2. g3 d5 3. Bg2 c6 4. O-O Bg4 5. c4 Nbd7 6. cxd5 cxd5 7. Nc3 e6 8.
Qb3 Nc5 9. Qb5+ Nfd7 10. d4 a6 11. Qb4 Nd3 12. Qxb7 Nxc1 13. Rfxc1 Bd6 14. e4
O-O 15. exd5 exd5 16. Nxd5 Nf6 17. Ne3 Bd7 18. Ne5 Bb5 19. Qxa8 Qxa8 20. Bxa8
Rxa8 21. Nf5 Bf8 22. Rc7 g6 23. Rxf7 Nd5 24. Ne3 Nxe3 25. fxe3 Bh6 26. Re1 Rc8
27. Rf2 1-0

[Event "World Blitz 2015"]
[Site "Berlin GER"]
[Date "2015.10.13"]
[Round "8.33"]
[White "Moiseenko, Alexander"]
[Black "Salem, A.R. Saleh"]
[Result "1-0"]
[WhiteTitle "GM"]
[BlackTitle "GM"]
[WhiteElo "2692"]
[BlackElo "2624"]
[WhiteFideId "14102560"]
[BlackFideId "9301348"]
[EventDate "2015.10.13"]

1. d4 Nf6 2. c4 g6 3. Nc3 d5 4. Nf3 Bg7 5. Bg5 dxc4 6. e4 c5 7. d5 b5 8. e5 b4
9. exf6 exf6 10. Qe2+ Kf8 11. Be3 bxc3 12. Bxc5+ Kg8 13. bxc3 Bb7 14. Rd1 Nd7
15. Be7 Qa5 16. Qxc4 Nb6 17. Qb4 Qxb4 18. Bxb4 Re8+ 19. Kd2 Nxd5 20. Bb5 Rc8 21.
Ba5 Nf4 22. Nd4 Nxg2 23. Rhg1 h5 24. Rb1 Be4 25. Bd3 Bxd3 26. Kxd3 Nf4+ 27. Kd2
Bh6 28. Kc2 Nh3 29. Rg2 Nf4 30. Rgg1 Nh3 31. Rg2 Nf4 32. Rgg1 Nd5 33. Rb7 Bf4
34. Nf3 Kg7 35. Nd4 Rhe8 36. h4 Kg8 37. Rxa7 Be5 38. Kb3 Rb8+ 39. Kc4 Nf4 40.
Nc6 Rec8 41. Bc7 Bxc7 42. Ne7+ Kg7 43. Nxc8 Rxc8 44. Kb5 Be5 45. c4 Nd3 46. Rd1
Nxf2 47. Rdd7 Rf8 48. c5 Ne4 49. c6 g5 50. c7 gxh4 51. Ka6 h3 52. Rxf7+ Rxf7 53.
c8=Q Rxa7+ 54. Kxa7 h2 55. Qb7+ Kg6 56. Qxe4+ f5 57. Qg2+ 1-0

[Event "World Blitz 2015"]
[Site "Berlin GER"]
[Date "2015.10.13"]
[Round "8.34"]
[White "Borisek, Jure"]
[Black "Matlakov, Maxim"]
[Result "1-0"]
[WhiteTitle "GM"]
[BlackTitle "GM"]
[WhiteElo "2565"]
[BlackElo "2689"]
[WhiteFideId "14603152"]
[BlackFideId "4168003"]
[EventDate "2015.10.13"]

1. e4 c5 2. Nf3 e6 3. d4 cxd4 4. Nxd4 Nc6 5. Nc3 Qc7 6. f4 a6 7. Nxc6 bxc6 8.
Bd3 d5 9. Qe2 Nf6 10. O-O Be7 11. Bd2 Bb7 12. Rae1 c5 13. exd5 exd5 14. Na4 Kf8
15. c4 Re8 16. Nc3 d4 17. Nd1 h5 18. Nf2 Bd6 19. Qd1 Rxe1 20. Rxe1 Bxf4 21. Bxf4
Qxf4 22. Qb3 Qc7 23. Ne4 Ng4 24. g3 Rh6 25. Nxc5 Bc6 26. Nxa6 Qd8 27. Qb4+ Kg8
28. Qb8 Qf8 29. b4 h4 30. b5 Bf3 31. Re8 1-0

[Event "World Blitz 2015"]
[Site "Berlin GER"]
[Date "2015.10.13"]
[Round "8.36"]
[White "Bruzon Batista, Lazaro"]
[Black "Grigoriants, Sergey"]
[Result "1-0"]
[WhiteTitle "GM"]
[BlackTitle "GM"]
[WhiteElo "2659"]
[BlackElo "2603"]
[WhiteFideId "3503739"]
[BlackFideId "4130804"]
[EventDate "2015.10.13"]

1. Nf3 Nf6 2. c4 b6 3. d4 e6 4. e3 Bb7 5. Bd3 d5 6. cxd5 exd5 7. b3 Bd6 8. Ba3
O-O 9. O-O Bxa3 10. Nxa3 Nbd7 11. Rc1 a6 12. Nb1 Re8 13. Nc3 Nf8 14. b4 Ng6 15.
Qb3 Ne4 16. Rc2 Re7 17. Rfc1 Qd6 18. Ne2 Rae8 19. Ng3 Nxg3 20. hxg3 h6 21. Bxg6
fxg6 22. Ne5 Kh7 23. Qd3 Rc8 24. a3 Qf6 25. g4 Qd6 26. Rc6 Bxc6 27. Rxc6 Qd8 28.
Rxg6 Kg8 29. Nc6 Qd7 30. Nxe7+ Qxe7 31. Qf5 Rd8 32. Re6 Qd7 33. Qe5 Rf8 34. Re7
Qxg4 35. Rxc7 Kh8 36. f3 Qg6 37. Kh2 Kh7 38. Re7 Rc8 39. Re6 Qf7 40. Qxd5 Kg8
41. Qe4 Rd8 42. f4 Rf8 43. d5 Qh5+ 44. Kg3 Qd1 45. Kh2 Qh5+ 46. Kg3 Qd1 47. Qf3
Qe1+ 48. Qf2 Qc3 49. Kh2 Qd3 50. Qf3 Qxa3 51. Qe4 Qb2 52. d6 Qf2 53. f5 Rxf5 54.
Re8+ Kf7 55. Qe6# 1-0

[Event "World Blitz 2015"]
[Site "Berlin GER"]
[Date "2015.10.13"]
[Round "8.37"]
[White "Bologan, Viktor"]
[Black "Iturrizaga Bonelli, Eduardo"]
[Result "0-1"]
[WhiteTitle "GM"]
[BlackTitle "GM"]
[WhiteElo "2607"]
[BlackElo "2641"]
[WhiteFideId "13900048"]
[BlackFideId "3901211"]
[EventDate "2015.10.13"]

1. e4 c5 2. Nf3 g6 3. c4 Nc6 4. d4 cxd4 5. Nxd4 Bg7 6. Be3 Nf6 7. Nc3 O-O 8. Be2
d6 9. O-O Bd7 10. Qd2 Nxd4 11. Bxd4 Bc6 12. f3 a5 13. b3 Nd7 14. Bxg7 Kxg7 15.
Rab1 Qb6+ 16. Kh1 Nc5 17. a3 Nxb3 18. Qb2 a4 19. Nd5+ Qd4 20. Nxe7 Rfe8 21. Nxc6
bxc6 22. Rfd1 Qxb2 23. Rxb2 Rad8 24. Kg1 Re5 25. Bd3 Rc5 26. Kf2 Kf6 27. f4 Ke6
28. Ke3 Kd7 29. Rc2 Kc7 30. Rb1 Re8 31. Kf2 g5 32. g3 gxf4 33. gxf4 Rh5 34. Rh1
Nc5 35. Be2 Nxe4+ 36. Kf3 Rh3+ 37. Kg2 Rxa3 38. Rf1 Rg8+ 39. Kh1 Ra1 0-1

[Event "World Blitz 2015"]
[Site "Berlin GER"]
[Date "2015.10.13"]
[Round "8.38"]
[White "Svane, Rasmus"]
[Black "Fressinet, Laurent"]
[Result "0-1"]
[WhiteTitle "IM"]
[BlackTitle "GM"]
[WhiteElo "2543"]
[BlackElo "2702"]
[WhiteFideId "4657101"]
[BlackFideId "608742"]
[EventDate "2015.10.13"]

1. d4 Nf6 2. c4 g6 3. Nc3 Bg7 4. e4 d6 5. Nf3 O-O 6. Be2 Na6 7. O-O e5 8. Be3 c6
9. Qc2 Ng4 10. Bg5 f6 11. Bh4 Qe8 12. Rfe1 f5 13. dxe5 dxe5 14. exf5 gxf5 15. h3
Nh6 16. Rad1 e4 17. Nd4 Nc5 18. Bf1 Qg6 19. Be7 Ne6 20. Nxe6 Bxe6 21. Bxf8 Rxf8
22. Ne2 Be5 23. Nd4 Bc8 24. c5 Kh8 25. Nf3 Bf6 26. Nh2 Nf7 27. f4 Be6 28. Bc4
Nd8 29. Bxe6 Nxe6 30. b4 Nxf4 31. Kh1 Nd5 32. b5 Qg3 33. Nf1 Qg5 34. bxc6 bxc6
35. Qf2 Be5 36. Rxe4 Bg7 37. Re6 f4 38. Rxc6 f3 39. g3 Qh5 40. Kh2 Nf6 41. Kg1
Ne4 42. Qc2 Qxh3 43. Qh2 f2+ 44. Kh1 Qg4 45. Qg2 Qxd1 0-1

[Event "World Blitz 2015"]
[Site "Berlin GER"]
[Date "2015.10.13"]
[Round "8.39"]
[White "Rublevsky, Sergei"]
[Black "Hausrath, Daniel"]
[Result "0-1"]
[WhiteTitle "GM"]
[BlackTitle "GM"]
[WhiteElo "2702"]
[BlackElo "2503"]
[WhiteFideId "4115309"]
[BlackFideId "4617495"]
[EventDate "2015.10.13"]

1. e4 c5 2. Nf3 Nc6 3. Bb5 Nf6 4. Nc3 Qc7 5. O-O Nd4 6. Nxd4 cxd4 7. Nd5 Nxd5 8.
exd5 Qc5 9. c4 a6 10. Ba4 b5 11. cxb5 Qxd5 12. Bb3 Qf5 13. b6 Bb7 14. d3 e6 15.
Bd2 Bd6 16. Qe2 O-O 17. Rac1 Rab8 18. Rc4 Qg6 19. f3 Bd5 20. Bb4 Rxb6 21. Bxd6
Rxd6 22. Rb4 Bxb3 23. Rxb3 Rc6 24. Rb7 Rfc8 25. Rxd7 Qf6 26. Qe4 Rc2 27. Rxd4
Rxb2 28. Rc4 Rd8 29. a4 h5 30. f4 g6 31. h3 Rd2 32. Rf3 Qb2 33. Rg3 R2xd3 34.
Rxd3 0-1

[Event "World Blitz 2015"]
[Site "Berlin GER"]
[Date "2015.10.13"]
[Round "8.40"]
[White "Khismatullin, Denis"]
[Black "Wojtaszek, Radoslaw"]
[Result "0-1"]
[WhiteTitle "GM"]
[BlackTitle "GM"]
[WhiteElo "2651"]
[BlackElo "2734"]
[WhiteFideId "4142578"]
[BlackFideId "1118358"]
[EventDate "2015.10.13"]

1. d4 Nf6 2. c4 e6 3. Nc3 Bb4 4. Nf3 b6 5. e3 Ne4 6. Qc2 Bb7 7. Bd3 Bxc3+ 8.
bxc3 f5 9. O-O O-O 10. c5 bxc5 11. Rb1 Qc8 12. Ne1 cxd4 13. cxd4 Nc6 14. Ba3 Nd6
15. Nf3 Re8 16. d5 Ne7 17. dxe6 dxe6 18. Ne5 Ng6 19. Qc3 Nxe5 20. Qxe5 Nf7 21.
Qg3 Bd5 22. Rbc1 c6 23. Bb2 e5 24. f3 Rb8 25. Rf2 Rb4 26. Bc3 Ra4 27. Bc2 Rxa2
28. e4 f4 29. Qh4 Be6 30. Bd3 Qd8 31. Rxa2 Qxh4 32. Rxa7 h6 33. Be1 Qf6 34. Rxc6
Qd8 35. Bf1 Qd4+ 36. Bf2 Qd1 37. Rac7 Ng5 38. Rc1 Qa4 39. h4 Nf7 40. R1c6 Bb3
41. Rb6 Rd8 42. Rc1 Rd1 43. Rxd1 Bxd1 44. Bb5 Qa1 45. Kh2 Qb2 46. Kg1 Qc1 47.
Kh2 Bb3 48. Bd7 Qc2 49. Kg1 Qd1+ 0-1

[Event "World Blitz 2015"]
[Site "Berlin GER"]
[Date "2015.10.13"]
[Round "8.41"]
[White "Nguyen, Ngoc Truong Son"]
[Black "Pavlidis, Antonios"]
[Result "1/2-1/2"]
[WhiteTitle "GM"]
[BlackTitle "GM"]
[WhiteElo "2634"]
[BlackElo "2522"]
[WhiteFideId "12401110"]
[BlackFideId "4212312"]
[EventDate "2015.10.13"]

1. e4 c5 2. Nf3 Nc6 3. Bb5 Nf6 4. d3 Qa5+ 5. Nc3 Nd4 6. Bc4 b5 7. Bd5 Nxd5 8.
exd5 b4 9. Ne4 b3+ 10. Bd2 bxc2 11. Qc1 Nxf3+ 12. gxf3 Qb5 13. Qxc2 d6 14. O-O
e6 15. a4 Qa6 16. Rfe1 Be7 17. b4 exd5 18. b5 Qb6 19. Ba5 Qxa5 20. Nxd6+ Kf8 21.
Rxe7 Kxe7 22. Qxc5 Ke6 23. f4 g6 24. Rc1 Rd8 25. Qe3+ Kxd6 26. Qe5+ Kd7 27.
Qxd5+ Ke7 28. Qxa8 Be6 29. Qe4 Rd7 30. Qe5 Qd2 31. Qc5+ Ke8 32. a5 Qxf4 33. b6
axb6 34. axb6 Qg4+ 35. Kf1 Qh3+ 36. Ke1 Qxd3 37. Qc8+ Rd8 38. Qc6+ Kf8 39. b7
Bd5 40. b8=Q Qe4+ 41. Kd2 Qd4+ 42. Ke1 Qe4+ 43. Kd2 Qd4+ 44. Ke1 Qe4+ 45. Kd2
Qd4+ 1/2-1/2

[Event "World Blitz 2015"]
[Site "Berlin GER"]
[Date "2015.10.13"]
[Round "8.42"]
[White "Shchekachev, Andrei"]
[Black "Bogdanovich, Stanislav"]
[Result "0-1"]
[WhiteTitle "GM"]
[BlackTitle "IM"]
[WhiteElo "2531"]
[BlackElo "2590"]
[WhiteFideId "4107730"]
[BlackFideId "14115298"]
[EventDate "2015.10.13"]

1. Nf3 Nf6 2. c4 c5 3. Nc3 Nc6 4. g3 e5 5. Bg2 d6 6. d3 Be7 7. Bg5 Ng8 8. Bd2
Nf6 9. O-O O-O 10. a3 a5 11. Rb1 h6 12. Ne1 Be6 13. Nd5 a4 14. Nc3 d5 15. cxd5
Nxd5 16. Nxa4 Nd4 17. Nc3 Qd7 18. Nf3 Nc6 19. Rc1 Rfd8 20. Na4 Bh3 21. e4 Bxg2
22. Kxg2 Nf6 23. Nb6 Qxd3 24. Nxa8 Rxa8 25. Bc3 Qxe4 26. Re1 Qf5 27. Nxe5 Rd8
28. Qf3 Qxf3+ 29. Nxf3 Nd5 30. Ne5 Nxe5 31. Bxe5 f6 32. Bc3 Kf7 33. Rcd1 Rd7 34.
a4 Bd8 35. Rd2 Bc7 36. Red1 Ke6 37. Re1+ Kf7 38. Red1 Ke6 39. Kg1 g5 40. Re1+
Kf7 41. Red1 Ke6 42. Rd3 h5 43. Be1 Be5 44. Bc3 Bc7 45. Re1+ Kf7 46. Rdd1 Rd8
47. Rd3 Rd7 48. a5 Rd8 49. Ra1 Rd6 50. Rad1 Ke6 51. Kf1 Bd8 52. Re1+ Kd7 53.
Red1 Kc6 54. Kg1 Bc7 55. Rf3 Bd8 56. Rfd3 Bc7 57. Ra1 Kb5 58. Rad1 Kc6 59. Re1
Kb5 60. Bd2 Kc4 61. Ra3 Ra6 62. Rc1+ Kb5 63. Be3 Rc6 64. Rb3+ Nb4 65. Rbc3 Bd6
66. Rd1 Kxa5 67. Kg2 b6 68. h3 Be5 69. Rcc1 Bxb2 70. Rb1 Be5 71. Bd2 Kb5 72. Be1
Rd6 73. Rdc1 Rd3 74. Rc2 Bd6 75. Kf1 Ra3 76. Rd2 Be5 77. Rd8 Bc3 78. Rd6 Bxe1
79. Kxe1 f5 80. Rf6 f4 81. gxf4 Rxh3 82. Ke2 gxf4 83. Rxf4 Ra3 84. Rh4 Ka4 85.
Rxh5 Ra2+ 86. Kf1 c4 87. Rh4 b5 88. f4 Nd3 89. Kg1 b4 90. f5 c3 91. Rc4 c2 92.
Rf1 Kb3 93. Rc8 Ra7 94. f6 Rf7 95. Rf3 Kb2 96. Rxd3 Rxf6 97. Rd2 b3 98. Rd3 Rb6
99. Rdc3 Kb1 100. Kf2 Kb2 101. Ke2 Rd6 102. R3c5 Rd1 103. Rb8 c1=Q 104. Rxc1
Rxc1 105. Kd2 Rc7 106. Rb6 Ka2 107. Rb7 Rxb7 0-1

[Event "World Blitz 2015"]
[Site "Berlin GER"]
[Date "2015.10.13"]
[Round "8.43"]
[White "Rakhmanov, Aleksandr"]
[Black "Seirawan, Yasser"]
[Result "0-1"]
[WhiteTitle "GM"]
[BlackTitle "GM"]
[WhiteElo "2637"]
[BlackElo "2620"]
[WhiteFideId "4173708"]
[BlackFideId "2000032"]
[EventDate "2015.10.13"]

1. c4 e5 2. Nf3 e4 3. Nd4 Nc6 4. Nxc6 dxc6 5. Nc3 Nf6 6. e3 Bf5 7. Qb3 b6 8. Qc2
Qd7 9. b3 Be7 10. h3 h5 11. Bb2 O-O-O 12. a3 Kb7 13. b4 h4 14. c5 Rh5 15. Ne2
Bh7 16. Nd4 bxc5 17. bxc5 Bxc5 18. Qa4 Bb6 19. Ba6+ Ka8 20. Qxc6+ Qxc6 21. Nxc6
Rd6 22. Rc1 Bf5 23. Be2 Rg5 24. Rh2 Bd7 25. Ne5 Ba5 26. Nc4 Rc6 27. Nxa5 Rxc1+
28. Bxc1 Rxa5 29. d3 Rb5 30. dxe4 Rb1 31. Kd2 Nxe4+ 32. Kc2 Rb8 33. f3 Ba4+ 34.
Kd3 Ng3 35. e4 Bb5+ 36. Kc2 Bxe2 37. Bf4 f6 38. Bxg3 hxg3 39. Rh1 Rd8 40. h4 Rd3
41. Rh3 Rxa3 42. Rxg3 Bf1 43. Rxg7 Ra2+ 44. Kc3 Bxg2 45. h5 Bxf3 46. h6 Bxe4 47.
Kd4 Bb1 48. Rxc7 Rh2 49. Rc1 0-1

[Event "World Blitz 2015"]
[Site "Berlin GER"]
[Date "2015.10.13"]
[Round "8.45"]
[White "Dlugy, Maxim"]
[Black "Bluebaum, Matthias"]
[Result "0-1"]
[WhiteTitle "GM"]
[BlackTitle "GM"]
[WhiteElo "2518"]
[BlackElo "2588"]
[WhiteFideId "2000075"]
[BlackFideId "24651516"]
[EventDate "2015.10.13"]

1. d4 d5 2. Bf4 c5 3. e4 dxe4 4. d5 Nf6 5. Nc3 a6 6. Qe2 e6 7. O-O-O exd5 8. Bg5
Be6 9. Nxe4 Nbd7 10. Bxf6 Nxf6 11. Ng5 Qb6 12. f4 h6 13. Nxe6 Qxe6 14. Qf3 O-O-O
15. g3 Kb8 16. Bg2 Qb6 17. Ne2 d4 18. c3 Nd5 19. cxd4 c4 20. Rd2 Bb4 21. Rc2
Rhe8 22. Nc3 Bxc3 23. bxc3 Re3 24. Qf1 Rxc3 25. Bxd5 Rxc2+ 26. Kxc2 Rxd5 27.
Qxc4 Rxd4 28. Qxf7 Qc6+ 29. Kb3 Qa4+ 30. Kb2 Qb4+ 31. Kc2 0-1

[Event "World Blitz 2015"]
[Site "Berlin GER"]
[Date "2015.10.13"]
[Round "8.47"]
[White "Movsesian, Sergei"]
[Black "Stern, Rene"]
[Result "1-0"]
[WhiteTitle "GM"]
[BlackTitle "GM"]
[WhiteElo "2658"]
[BlackElo "2538"]
[WhiteFideId "310204"]
[BlackFideId "4611799"]
[EventDate "2015.10.13"]

1. Nf3 d5 2. g3 Nf6 3. Bg2 e6 4. O-O Be7 5. d3 O-O 6. Nbd2 c5 7. e4 Nc6 8. Re1
Qc7 9. Qe2 b5 10. e5 Nd7 11. Nf1 a5 12. h4 b4 13. Bf4 a4 14. a3 bxa3 15. bxa3
Ba6 16. N1h2 Rfc8 17. h5 h6 18. Ng4 Kh7 19. c4 dxc4 20. dxc4 Bb7 21. Nf6+ Kh8
22. Nd5 exd5 23. cxd5 Ncxe5 24. Nxe5 Nxe5 25. Bxe5 Bd6 26. Bc3 Qd7 27. Rab1 Ba6
28. Qd2 Rab8 29. Qxh6+ 1-0

[Event "World Blitz 2015"]
[Site "Berlin GER"]
[Date "2015.10.13"]
[Round "8.48"]
[White "Bezold, Michael"]
[Black "Ragger, Markus"]
[Result "1-0"]
[WhiteTitle "GM"]
[BlackTitle "GM"]
[WhiteElo "2509"]
[BlackElo "2698"]
[WhiteFideId "4601718"]
[BlackFideId "1610856"]
[EventDate "2015.10.13"]

1. c4 c6 2. Nc3 d5 3. e3 Nf6 4. Nf3 a6 5. b3 Bg4 6. h3 Bxf3 7. Qxf3 e6 8. Bb2
Nbd7 9. Qd1 Bd6 10. Be2 O-O 11. O-O Qe7 12. Rb1 e5 13. cxd5 cxd5 14. d3 Rfd8 15.
Rc1 Rac8 16. Nb1 Nb8 17. Rxc8 Rxc8 18. a3 Nc6 19. Qd2 h6 20. b4 Nd7 21. Rc1 Nb6
22. Qd1 Rc7 23. Nd2 a5 24. bxa5 Nxa5 25. Rxc7 Qxc7 26. Bf3 Qe7 27. Nb3 Nc6 28.
Qa1 e4 29. dxe4 dxe4 30. Be2 Ne5 31. a4 f5 32. a5 Nbc4 33. Bd4 Kh7 34. a6 bxa6
35. Qxa6 Qc7 36. Qa7 Qxa7 37. Bxa7 Nd3 38. Nd4 g6 39. g4 f4 40. Nb5 Be5 41. exf4
Bxf4 42. Nc3 Nd6 43. Nxe4 Nxe4 44. Bxd3 Nf6 45. Kg2 Bd6 46. Bd4 Nd5 47. Bc4 Ne7
48. Kf3 h5 49. Ke4 hxg4 50. hxg4 Ng8 51. f4 Nh6 52. Be6 Bc7 53. g5 Ng8 54. f5
Bd8 55. f6 Nxf6+ 56. gxf6 g5 57. Kf5 g4 58. Bd5 g3 59. Be5 g2 60. Bxg2 Kg8 61.
Kg6 Kf8 62. Bd6+ Ke8 63. Bc6# 1-0

[Event "World Blitz 2015"]
[Site "Berlin GER"]
[Date "2015.10.13"]
[Round "8.49"]
[White "Bacrot, Etienne"]
[Black "Ganguly, Surya Shekhar"]
[Result "1/2-1/2"]
[WhiteTitle "GM"]
[BlackTitle "GM"]
[WhiteElo "2697"]
[BlackElo "2652"]
[WhiteFideId "605506"]
[BlackFideId "5002150"]
[EventDate "2015.10.13"]

1. Nf3 Nf6 2. g3 d5 3. Bg2 e6 4. b3 Be7 5. O-O O-O 6. c4 c5 7. cxd5 Nxd5 8. Bb2
Nc6 9. Nc3 Nc7 10. Rc1 b6 11. d4 cxd4 12. Na4 Bb7 13. Nxd4 Nxd4 14. Bxb7 Rb8 15.
Be4 Bf6 16. Bxd4 Bxd4 17. Qc2 Nd5 18. Bxh7+ Kh8 19. Be4 b5 20. Nb2 Rc8 21. Qxc8
Qxc8 22. Rxc8 Rxc8 23. Bxd5 Bxb2 24. Be4 Rc1 25. Rxc1 Bxc1 26. e3 b4 27. Kf1 g6
28. Ke2 Kg7 29. Kd1 Bb2 30. Kc2 Bc3 31. a4 Be1 32. f3 f5 33. Bb7 Kf6 34. Kd3 e5
35. Kc4 Bd2 36. Kd3 Bc1 37. h4 f4 38. exf4 exf4 39. g4 Be3 40. Ke4 Bf2 41. g5+
Ke6 42. h5 gxh5 43. Kxf4 Kf7 44. Be4 Ke6 45. Bf5+ Kf7 46. Bd3 Bd4 47. Kg3 Be3
48. Kh4 Ke6 49. Kxh5 Ke5 50. Kg4 Bf4 51. Bc4 Bc1 52. Bf7 Bd2 53. Be8 Bc1 54. g6
Kf6 55. f4 Be3 56. Kf3 Bb6 57. Ke4 Bc7 58. Kd5 Bxf4 59. Kc5 Bd2 60. Kb5 Kg7 61.
Bf7 Kf6 62. a5 Kg7 63. Kc5 Kf6 64. a6 Be3+ 1/2-1/2